000
00233nam a2200097Ia 4500
001
689415
005
20250826161634.0
008
250824s9999 xx 000 0 und d
245
0
_a
BUKRE
_c
KAHRAMAN TAZEOĞLU
260
_b
DESTEK YAYINLARI
999
_c
689415
_d
689415